000 00564nam a2200157Ia 4500
008 100204s9999 xx 000 0 und d
082 _b18686
100 _aरेमंड हॉकी /रॉजर बिग हॅम
245 _aवाईल्ड कार्ड
260 _b"मेहता पब्लिशिंग हाऊस , पुणे"
_c1996
300 _a214
630 _aवाईल्ड कार्ड
700 _aमांडे अरुण
730 _aवाईल्ड कार्ड
942 _cBOOK
999 _c463109
_d463106